| 000 | 00700nam a2200193Ia 4500 | ||
|---|---|---|---|
| 005 | 20251020182605.0 | ||
| 008 | 200515s9999 xx 000 0 und d | ||
| 082 | _aSC/371.3/E16 | ||
| 110 | _aServicio Ecuatoriano de Capacitación Profesional | ||
| 245 | 0 | _aMétodo de los 4 pasos de la enseñanza práctica | |
| 260 | _aQuito | ||
| 260 | _c1979 | ||
| 300 | _as.n. | ||
| 520 | _aContribuye la formación de aquellas personas responsables de impartir instrucción, para que los conocimientos sean transmitidos y receptados en forma eficiente y contribuyan decididamente en la calificación de la mano de obra | ||
| 650 | _aCAPACITACION | ||
| 650 | _aLIB | ||
| 650 | _aPUB SECAP | ||
| 942 | _cLIB | ||
| 999 |
_c3170 _d3170 |
||